Statistics for FIFA FIFPro World XI - Ultimate Quiz

Click here to take the quiz!

General Stats

  • This quiz has been taken 1,206 times
    (779 since last reset)
  • The average score is 40 of 64

Answer Stats

Answer% Correct
Cristiano Ronaldo
99%
Lionel Messi
99%
Manuel Neuer
95%
Sergio Ramos
95%
Andrés Iniesta
90%
Gianluigi Buffon
90%
Iker Casillas
90%
Xavi
90%
Neymar
89%
Luka Modrić
88%
Marcelo
85%
Luis Suárez
84%
Alisson
82%
Gerard Piqué
82%
Dani Alves
81%
Toni Kroos
81%
Virgil Van Dijk
79%
Carles Puyol
76%
Ronaldinho
73%
Kylian Mbappé
72%
Philipp Lahm
71%
Paolo Maldini
70%
David De Gea
69%
Kaká
69%
Arjen Robben
68%
Franck Ribéry
68%
Frank Lampard
68%
Steven Gerrard
67%
Thiago Silva
67%
Thierry Henry
67%
Raphaël Varane
65%
Zlatan Ibrahimović
64%
Wayne Rooney
63%
Fabio Cannavaro
62%
N’Golo Kanté
60%
David Villa
59%
Zinedine Zidane
59%
Alessandro Nesta
58%
Andrea Pirlo
58%
Paul Pogba
57%
Rio Ferdinand
57%
Samuel Eto'o
57%
Fernando Torres
56%
Didier Drogba
55%
John Terry
55%
Dida
54%
Nemanja Vidić
53%
Xabi Alonso
53%
Leonardo Bonucci
50%
Cafu
45%
Andriy Shevchenko
44%
Eden Hazard
44%
Wesley Sneijder
43%
Ángel Di María
39%
David Luiz
39%
Frenkie De Jong
38%
Radamel Falcao
38%
Matthijs De Ligt
36%
Patrice Evra
36%
Maicon
28%
Gianluca Zambrotta
27%
Lúcio
25%
Claude Makélélé
22%
Lilian Thuram
20%

Score Distribution

Percentile by Number Answered

Percent of People with Each Score

Your Score History

You have not taken this quiz since the last reset